| 000 | 00522nam a22001697a 4500 | ||
|---|---|---|---|
| 005 | 20251108171736.0 | ||
| 008 | 250721s2001 xx 000 0 ara d | ||
| 082 | 1 | 4 | _a005/علم |
| 245 | 1 | 0 | _aعلم نفسك مبادىء البرمجة في 24 ساعة / |
| 264 | 1 |
_aبيروت : _bمكتبة لبنان، _c2001. |
|
| 650 | 1 | 7 | _aبرمجة الحاسوب |
| 650 | 1 | 7 | _aلغات البرمجة |
| 650 | 1 | 7 | _aبرامج الحاسوب |
| 650 | 1 | 7 | _aقواعد المعلومات |
| 942 |
_2ddc _cBK |
||
| 999 |
_c61341 _d61341 |
||